Seine Saint Denis - Mort subite - Statistiques

Statistiques générales
  • Ce quiz a été pris 164 fois
  • Le résultat moyen est 4 sur 13
Answers on the Grid
Answers color-coded by a green-red scale on the quiz's grid according to % correct below.
Pantin
Les Flanades
Neuilly-Plaisance RER
Parc forestier de la Poudrerie
Gare de Montreuil
Coubron
Val de Fontenay RER
Adidas Arena
Parc départemental Georges Valbon
Villeneuve la Garenne
Hôpital Robert Debré
Croix de Chavaux
Hôpital Avicenne
Rosny 2
Chelles-Gournay RER
Stade de France
Parc de la Villette
Aéroport Roissy-Charles de Gaulle
Enghien les Bains
Vaujours
Rosa Parks RER
Villeparisis-Mitry le Neuf RER
Lycée Henri Sellier
Pré Saint Gervais(métro)
Dugny
 
Statistiques - réponses
Réponse % Correct
Pantin
89%
Neuilly-Plaisance RER
42%
Stade de France
41%
Coubron
31%
Rosny 2
27%
Dugny
23%
Parc forestier de la Poudrerie
22%
Croix de Chavaux
19%
Vaujours
17%
Parc départemental Georges Valbon
16%
Hôpital Avicenne
14%
Lycée Henri Sellier
13%
Aéroport Roissy-Charles de Gaulle
8%
Aucun quiz correspondant
Distribution des résultats
% des personnes avec chaque résultat
Percentile par nombre de réponses
Votre historique - résultats
Vous n’avez pas pris ce quiz